Zmluva o prevode obchodného podielu v s.r.o.
Základné pravidlá pre derivátny spôsob nadobudnutia účasti v spoločnosti t.j. prevodom obchodného podielu na základe zmluvy o prevode obchodného podielu ustanovuje 115 Obchodného zákonníka. Zmluva o prevode obchodného podielu ako zmluvný typ. Formálne a obsahové náležitosti zmluvy o prevode obchod...
Guardado en:
| Autor principal: | |
|---|---|
| Formato: | Capítulo de libro |
| Lenguaje: | eslovaco |
| Materias: | |
| Etiquetas: |
Sin Etiquetas, Sea el primero en etiquetar este registro!
|
MARC
| LEADER | 00000naa a2200000 4500 | ||
|---|---|---|---|
| 001 | r033832 | ||
| 005 | 20230919113828.6 | ||
| 041 | 0 | |a slo | |
| 044 | |a SK | ||
| 245 | 1 | 0 | |a Zmluva o prevode obchodného podielu v s.r.o. |c Imrich Fekete |
| 520 | |a Základné pravidlá pre derivátny spôsob nadobudnutia účasti v spoločnosti t.j. prevodom obchodného podielu na základe zmluvy o prevode obchodného podielu ustanovuje 115 Obchodného zákonníka. Zmluva o prevode obchodného podielu ako zmluvný typ. Formálne a obsahové náležitosti zmluvy o prevode obchodného podielu. Účinnosť zmluvy o prevode obchodného podielu. Predkupné právo na obchodný podiel. Daň z príjmov z predaja obchodného podielu. | ||
| 610 | 2 | 0 | |a podiely obchodné |
| 610 | 2 | 0 | |a spoločnosti s r.o. |
| 610 | 2 | 0 | |a zmluvy spoločenské |
| 610 | 2 | 0 | |a zákonník obchodný |
| 610 | 2 | 0 | |a právo obchodné |
| 610 | 2 | 0 | |a zákony |
| 610 | 2 | 0 | |a Slovensko |
| 100 | 1 | |a Fekete, Imrich | |